Peces ornamentales : (Registro nro. 3081)

Detalles MARC
000 -CABECERA
Campo de control 00878nam a2200241 i 4500
005 - FECHA Y HORA DE LA ULTIMA TRANSACCION
Campo de control 20160107053159.0
008 - ELEMENTOS DE LONGITUD FIJA—INFORMACION GENERAL
Campo de control 160107b2002 ck ||||| |||| 00| 0 spa d
040 ## - FUENTE DE CATALOGACIÓN
Agencia catalogadora original CO-BoIAVH
Agencia transcriptora CO-BoIAVH
041 0# - IDIOMA
Código de idioma para texto/pista de sonido o título separado Español
044 ## - PAÍS DE PUBLICACIÓN
País de publicación Colombia
082 04 - NUMERO DE CLASIFICACION DECIMAL DEWEY
Número de clasificación 333.956
Número del ítem A31p
100 1# - ASIENTO PRINCIPAL--NOMBRE PERSONAL
Nombre personal Ajiaco Martínez, Rosa Elena
9 (RLIN) 5280
245 ## - MENCION DE TITULO
Título Peces ornamentales :
Parte restante del título manejo y prevención de enfermedades /
Mención de responsabilidad Rosa Helena Ajiaco Martínez, Hernando Ramíres Gil Ph. D.
260 ## - PUBLICACION, DISTRIBUCION, ETC. (PIE DE IMPRENTA)
Lugar de publicación, distribución, etc. Villavicencio
Nombre del editor, distribuidor, etc. INPA :
-- CORPOAMAZONIA :
-- ASOPESCAM :
Fecha de publicación, distribución, etc. [Sin fecha de publicación]
300 ## - DESCRIPCION FISICA
Extensión 25 página ;
Dimensiones 24 cm.
650 14 - ASIENTO SECUNDARIO DE MATERIA - TERMINO TEMATICO
Término temático o nombre geográfico como elemento de entrada Peces ornamentales
9 (RLIN) 47596
650 24 - ASIENTO SECUNDARIO DE MATERIA - TERMINO TEMATICO
Término temático o nombre geográfico como elemento de entrada Industria pesquera
Subdivisión general Administración
9 (RLIN) 47597
650 24 - ASIENTO SECUNDARIO DE MATERIA - TERMINO TEMATICO
Término temático o nombre geográfico como elemento de entrada Pesca
Subdivisión general Administración
9 (RLIN) 47598
650 24 - ASIENTO SECUNDARIO DE MATERIA - TERMINO TEMATICO
Término temático o nombre geográfico como elemento de entrada Acuicultura
9 (RLIN) 47599
650 24 - ASIENTO SECUNDARIO DE MATERIA - TERMINO TEMATICO
Término temático o nombre geográfico como elemento de entrada Peces
Subdivisión general Enfermedades
9 (RLIN) 47600
700 1# - ASIENTO SECUNDARIO - NOMBRE PERSONAL
Nombre personal Ramírez Gil, Hernando
Término de relación autor
9 (RLIN) 18421
942 ## - ELEMENTOS ADICIONALES (KOHA)
Tipo de ítem Libro
Sistema de clasificación Dewey Decimal Classification
Existencias
Withdrawn status Lost status Sistema de Clasificación Damaged status No para préstamo Colección Inventariado Ubicación Permanente Ubicación actual Fecha de adquisición Fuente de Valor Total Checkouts Número topográfico Inventario / Código de Barras Date last seen Ejemplar Price effective from Forma de adquisición Tipo de material Valor
    Local     General Inventariado 2017 Bogotá Bogotá 26/02/2003 Biocomercio   FG-0006 005117 04/12/2012 Ej.1 04/12/2012   Folleto  
    Dewey Decimal Classification     General Inventariado 2017 Bogotá Bogotá 12/05/2005 Instituto   LB-333.956 A31p 017987 04/12/2012 Ej.1 04/12/2012   Libro 39000.00